000 01034cam a22003017i 4500
999 _c219597
_d219597
001 18114097
003 Nust
005 20170215093455.0
008 140414s2013 ii 000 f eng
010 _a 2013410931
020 _a9780670085705
025 _aI-E-2013-410931; 26-91
037 _bLibrary of Congress -- New Delhi Overseas Office
040 _aDLC
_beng
_cDLC
_erda
_dDLC
042 _alcode
050 0 0 _aMLCS 2012/01834 (P)
_aPR9540.9.B48
082 _a823.914
_bBHU
100 1 _aBhutto, Fatima,
_d1982-
_eauthor.
245 1 4 _aThe shadow of the crescent moon /
_cFatima Bhutto.
264 1 _aNew Delhi :
_bPenguin Books India,
_c2013.
300 _a230 pages, 2 unnumbered pages ;
_c21 cm
336 _atext
_btxt
_2rdacontent
337 _aunmediated
_bn
_2rdamedia
338 _avolume
_bnc
_2rdacarrier
500 _aNovel.
906 _a7
_bcbc
_corigode
_d4
_encip
_f20
_gy-gencatlg
942 _2ddc
_cBK